00913nam a2200241 i 4500001000700000003000900007005001700016007000300033008004100036080001600077100002500093245013800118260004300256300002200299490002300321500004300344600004600387700003300433830003100466852003300497999001900530952012200549133686ES-MaACL20230906194512.0t|070824s1973 fr ||||1| fre d a929 Strauss1 aFantel, Hans.94881414aLes Strauss rois de la Valse et la Vienne romantique de leur époque / cHans Fantel ; traduit de l'anglais par Christiane de Lisle. aParis : bBuchet : bChastel, c[1973] a292 p. ; c21 cm.1 aCollection Musique aBiblioteca Jacinto Martínez Lacalle.14aStrauss (familia)-vBiografías.91084061 aLisle, Christiane de.9725400 aCollection Musique9219769 aES-MaACLjE-12026 bR.139910 c133686d133686 00104070aATENEOMbATENEOMcDEPO2d2008-01-17eSCl0oE-12026p1139167r2023-02-23 00:00:00w2023-02-23yMONOGRAFIA